Salamis in Cyprus : Homeric, Hellenistic and Roman
Saved in:
| Main Author: | |
|---|---|
| Format: | Book |
| Language: | English |
| Published: |
London :
Thames and Hudson,
1969.
|
| Subjects: | |
| Tags: |
Add Tag
No Tags, Be the first to tag this record!
|
MARC
| LEADER | 00000cam a2200000 i 4500 | ||
|---|---|---|---|
| 001 | 1/41549 | ||
| 008 | 961024s1969 enk| ||| |||| ||eng|| | ||
| 035 | |l 10025429 | ||
| 040 | |a GR-MyUa |b gre |e AACR2 | ||
| 041 | 0 | |a eng | |
| 082 | 7 | |a 930.1 |2 (22) | |
| 100 | 1 | |a Karageorghis, Vassos. | |
| 245 | 1 | 0 | |a Salamis in Cyprus : |b Homeric, Hellenistic and Roman / |c Vassos Karageorghis. |
| 260 | |a London : |b Thames and Hudson, |c 1969. | ||
| 300 | |a 212 σ. : |b εικ. ; |c 26 εκ. | ||
| 500 | |a Περιλαμβάνει 17 έγχρωμους πίνακες, 128 μονόχρωμους πίνακες και 33 γραμμικά σχέδια. | ||
| 650 | 0 | |a Archaeology |z Cyprus |z Salamis (Extinct city) | |
| 651 | 0 | |a Salamis (Cyprus : Extinct city) | |
| 852 | |a INST |b CHIOS |e 19961024 |h 930.1 KAR |p 005200011185 |q 005200011185 |t BK |y 0 | ||